The Dow Jones-Irwin guide to franchises

The book lists more than 500 franchise companies. Included is information about the product or service offered, how much capital is required, the type of financing available, what training is provided, and what managerial assistance is offered during the life of the franchise contract.

Gorde:
Xehetasun bibliografikoak
Egile nagusia: Norback, Peter J.
Formatua: Liburua
Hizkuntza:Undetermined
Argitaratua: Homewood, Illinois Dow Jones-Irwin 1982
Gaiak:
Etiketak: Etiketa erantsi
Etiketarik gabe, Izan zaitez lehena erregistro honi etiketa jartzen!
Thư viện lưu trữ: Trung tâm Học liệu Trường Đại học Cần Thơ
LEADER 00830nam a2200193Ia 4500
001 CTU_42821
008 210402s9999 xx 000 0 und d
082 |a 381 
082 |b N822 
100 |a Norback, Peter J. 
245 4 |a The Dow Jones-Irwin guide to franchises 
245 0 |c Peter J. Norback, Craig T. Norback 
260 |a Homewood, Illinois 
260 |b Dow Jones-Irwin 
260 |c 1982 
520 |a The book lists more than 500 franchise companies. Included is information about the product or service offered, how much capital is required, the type of financing available, what training is provided, and what managerial assistance is offered during the life of the franchise contract. 
650 |a Franchises ( retail trade ) 
904 |i Minh, 010814 
980 |a Trung tâm Học liệu Trường Đại học Cần Thơ